00364 2200157 4500245003600000250001100036100001900047700001900066650001600085005001900101260002800120041001400148084000800162300002700170336000900197 aSunyaruricRisa SaraswatihText aCet. 1 aRisa Saraswati aMaria M. Lubis aNovel Horor a20230929142020 aJakartabRak Bukuc2013 aIndonesia a813 aii, 333 hlm. :c20 cm. atext